Crab Creek review.

Bibliographic Details
Corporate Author: Crab Creek Review Association
Format: Journal
Language:English
Published: Ephrata, WA : Crab Creek Review Association, ©1983-
Subjects:
Online Availability: Check for online availability

MARC

Tag First Indicator Second Indicator Subfields
LEADER 00000cas a2200000 a 4500
001 in00005778639
005 20260413205729.2
008 830628u1983uuuuwaufr p 0 a0eng c
010 |a  95640703   |z sn 83009033  
040 |a NSD  |b eng  |c NSD  |d NST  |d DLC  |d OCLCQ  |d OCLCF  |d OCLCO  |d OCL  |d OCLCO  |d YUS  |d OCLCQ  |d OCLCL  |d OCLCQ 
012 |i 9602  |l 1 
019 |a 1052680060 
022 1 |a 0738-7008  |2 1 
023 0 |a 0738-7008  |2 1 
035 |a (OCoLC)9651022  |z (OCoLC)1052680060 
037 |b Crab Creek Review Association, 30 F St., N.E., Ephrata, WA 98823 
042 |a nsdp  |a pcc 
050 0 0 |a PS536.2  |b .C73 
222 0 |a Crab Creek review 
245 0 0 |a Crab Creek review. 
264 1 |a Ephrata, WA :  |b Crab Creek Review Association,  |c ©1983- 
300 |a volumes :  |b illustrations ;  |c 28 cm 
310 |a 2 numbers a year,  |b v. 11, no. 1 & 2 (1997)- 
321 |a Three numbers a year,  |b -v. 10, no. 1-3 (1996) 
336 |a text  |b txt  |2 rdacontent 
337 |a unmediated  |b n  |2 rdamedia 
338 |a volume  |b nc  |2 rdacarrier 
362 0 |a Vol. 1, no. 1 (May 1983)- 
500 |a Title from cover. 
515 |a Vol. 1, no. 1 also called: spring 1983; premier issue. 
588 1 |a Volume 31, number 1 (2018). 
650 0 |a American literature  |y 20th century  |v Periodicals. 
650 7 |a American literature.  |2 fast  |0 (OCoLC)fst00807113 
648 7 |a 1900-1999  |2 fast 
655 7 |a Periodicals.  |2 fast  |0 (OCoLC)fst01411641 
655 7 |a Little magazines  |z United States.  |2 rbgenr 
710 2 |a Crab Creek Review Association.  |1 https://id.oclc.org/worldcat/entity/E39QH7Jmqg9PRfRB4rq4gBgTTR 
850 |a DLC  |a NN  |a WU  |a WaU 
029 1 |a AU@  |b 000011597589 
994 |a Z0  |b TXA 
948 |h HELD BY TXA - 29 OTHER HOLDINGS 
999 f f |i 542babbf-ede1-486a-9892-3c9dd526619a  |s 256f2132-e58b-4743-86b6-0ab75a91e1a5  |t 0 
952 f f |a Texas A&M University  |b College Station  |c Cushing Memorial Library & Archives  |d Cushing: Science Fiction (Does not check out)  |e PS536.2 .C73  |h Library of Congress classification  |i unmediated -- volume  |k v.31:no.1  |l 2018  |m A14853360636  |p noncirc  |s cush scif  |t 0 
998 f f |a PS536.2 .C73  |s v.31:no.1 (2018)  |t 0  |l Cushing: Science Fiction (Does not check out)